[Event "95th YMCA Masters "]
[Site "Warszawa"]
[Date "2011.09.30"]
[Round "1"]
[White "Kosiorek, Marek"]
[Black "Przezdziecka, Marta"]
[Result "1-0"]
[WhiteElo "2355"]
[BlackElo "2249"]
[Annotator "M"]
[PlyCount "107"]
[EventDate "2011.09.30"]
[EventType "tourn"]
[EventRounds "1"]
[EventCountry "POL"]
[EventCategory "3"]
[SourceDate "2011.09.29"]

1. c4 Nf6 2. Nf3 g6 3. b4 Bg7 4. Bb2 O-O 5. Qc2 d5 6. cxd5 Nxd5 7. Bxg7 Kxg7 8.
e4 Nf6 9. d4 Bg4 10. Nbd2 Bxf3 11. Nxf3 Qd6 12. Rb1 Qc6 13. Qxc6 bxc6 14. Bd3
a5 15. b5 Rd8 16. Ke2 cxb5 17. Rxb5 Nc6 18. d5 Nb4 19. Bb1 c6 20. dxc6 Nxc6 21.
Rd1 Rxd1 22. Kxd1 e6 23. Ke2 h6 24. h3 g5 $11 25. a3 Nd7 26. Ke3 Kf6 27. Bd3
Ra7 28. g3 a4 29. Be2 Rc7 30. Nd2 e5 31. Nf3 h5 32. Bd1 Ra7 33. Nd2 Nd4 34. Rb4
Nc5 35. Nc4 h4 36. gxh4 gxh4 37. Nxe5 Ndb3 38. Nf3 Rd7 39. Bc2 Rd8 40. e5+ Ke7
41. Rxh4 Na1 42. Bf5 Rd1 43. Rc4 Nab3 44. Bc2 Ra1 45. Bxb3 axb3 46. Rxc5 b2 47.
Nd2 Rxa3+ 48. Ke2 Rb3 49. Nb1 Rxh3 50. Rb5 Ke6 51. Nd2 Rc3 52. Nf3 Rc2+ 53. Ke3
Rc3+ 54. Ke4 1-0

[Event "95th YMCA Masters "]
[Site "Warszawa"]
[Date "2011.09.30"]
[Round "1"]
[White "Strzemiecki, Zbigniew"]
[Black "Alvarado, Carlos"]
[Result "1/2-1/2"]
[WhiteElo "2421"]
[BlackElo "2212"]
[PlyCount "156"]
[EventDate "2011.09.30"]
[EventType "tourn"]
[EventRounds "1"]
[EventCountry "POL"]
[EventCategory "3"]
[SourceDate "2011.09.29"]

1. e4 e5 2. Nf3 Nf6 3. Nxe5 d6 4. Nf3 Nxe4 5. Nc3 Nxc3 6. dxc3 Be7 7. Bf4 Nc6
8. Bd3 Bg4 9. h3 Bh5 10. Qd2 Bxf3 11. gxf3 Qd7 12. O-O-O O-O-O 13. Be3 Bf6 14.
f4 Kb8 15. Qe2 Qe6 16. Kb1 d5 17. Qg4 Qd6 18. Rhe1 h5 19. Qg2 Ne7 20. Qf3 Qc6
21. Bd4 Nc8 22. Bxf6 Qxf6 23. Re3 g6 24. Ree1 Nb6 25. Qe3 Nc8 26. Qd4 Qh4 27.
f5 Qxh3 28. fxg6 fxg6 29. Bxg6 Nb6 30. Re7 Nc8 31. Re5 Nb6 32. Bf5 Qf3 33. b3
Rhf8 34. Bd3 Qxf2 35. Qxf2 Rxf2 36. Rxh5 Rf7 37. a4 Nc8 38. Rdh1 a6 39. Rh8
Rff8 40. R8h7 Nd6 41. Kb2 Rf7 42. R7h5 c6 43. Re1 Kc7 44. a5 Rg7 45. Rhe5 Rf7
46. Kc1 Rg7 47. Rf1 Rdd7 48. Kb2 Rde7 49. Rh5 Re8 50. Ka3 Ree7 51. Rh8 Re8 52.
Rh6 Ree7 53. Rf8 Re8 54. Rxe8 Nxe8 55. Kb4 Re7 56. c4 dxc4 57. Bxc4 Nd6 58. Bd3
Rg7 59. Rh5 Nf7 60. Rf5 Nd6 61. Rf8 Re7 62. c4 Nf7 63. Bf5 Nd6 64. Bd3 Re8 65.
Rf4 Re3 66. Kc3 Re7 67. Rh4 Ne8 68. Rh8 Nf6 69. Bf5 Ne4+ 70. Kd4 Nd6 71. Bh3
Re4+ 72. Kc5 Re5+ 73. Kb4 c5+ 74. Ka3 Re3 75. Rh7+ Kb8 76. Rh8+ Kc7 77. Kb2
Re2+ 78. Ka3 Re3 1/2-1/2

[Event "95th YMCA Masters "]
[Site "Warszawa"]
[Date "2011.10.05"]
[Round "1"]
[White "Adamski, Andrzej"]
[Black "Nguyen, Piotr"]
[Result "0-1"]
[WhiteElo "2255"]
[BlackElo "2368"]
[PlyCount "144"]
[EventDate "2011.09.30"]
[EventType "tourn"]
[EventRounds "1"]
[EventCountry "POL"]
[EventCategory "3"]
[SourceDate "2011.09.29"]

1. e4 e6 2. d4 d5 3. e5 c5 4. c3 Nc6 5. Nf3 Bd7 6. dxc5 Bxc5 7. Bd3 f6 8. b4
Bb6 9. b5 Na5 10. O-O Qc7 11. Re1 O-O-O 12. Ba3 Nc4 13. Bxc4 Qxc4 14. Nbd2 Qxb5
15. c4 Qa4 16. Qc1 Bc6 17. cxd5 exd5 18. Nb3 Re8 19. Bc5 fxe5 20. Bxb6 axb6 21.
Nxe5 Nf6 22. Nf7 Rxe1+ 23. Qxe1 Rg8 24. Qe5 Qh4 25. Nd6+ Kd7 26. Nf5 Qxf2+ 27.
Kh1 Re8 28. Qd6+ Kc8 29. Ne7+ Rxe7 30. Qxe7 g6 31. Qe6+ Kc7 32. Qe5+ Kd7 33.
Rd1 Ng4 34. Qg7+ Kc8 35. Qh8+ Kc7 36. Qxh7+ Kb8 37. Qxg6 Qf4 38. Qh5 Nf2+ 39.
Kg1 Qe3 40. Qh8+ Ka7 41. Qd4 Nxd1+ 42. Qxe3 Nxe3 43. Kf2 Ng4+ 44. Kg3 Bd7 45.
h3 Nh6 46. Kf4 Nf7 47. g4 Ka6 48. h4 Kb5 49. g5 Nh8 50. h5 Be8 51. h6 Kc4 52.
Nd2+ Kc3 53. Nf3 d4 54. Ke5 d3 55. Kf6 Bh5 56. g6 Nxg6 57. Ng5 d2 58. Ne4+ Kc2
59. Nxd2 Kxd2 60. Kg5 Be2 61. Kxg6 Bd3+ 62. Kf6 Kc3 63. Ke5 b5 64. Kd5 b4 65.
Kc5 Bh7 66. Kb5 Bc2 67. Kc5 Bd3 68. Kb6 Kb2 69. Kc5 Ka3 70. Kd4 Bh7 71. Kc5 Bg8
72. Kb5 b6 0-1

[Event "95th YMCA Masters "]
[Site "Warszawa"]
[Date "2011.09.30"]
[Round "1"]
[White "Chalupnik, Marcin"]
[Black "Przedmojski, Rafal"]
[Result "0-1"]
[WhiteElo "2236"]
[BlackElo "2374"]
[Annotator "M"]
[PlyCount "106"]
[EventDate "2011.09.30"]
[EventType "tourn"]
[EventRounds "1"]
[EventCountry "POL"]
[EventCategory "3"]
[SourceDate "2011.09.29"]

1. c4 f5 2. g3 Nf6 3. Bg2 g6 4. Nc3 Bg7 5. d3 O-O 6. e4 d6 7. Nge2 c5 8. exf5
gxf5 9. O-O Nc6 10. Bg5 e5 11. Nd5 Be6 12. Qd2 Qd7 13. Nec3 Bxd5 14. Nxd5 Nxd5
15. Bxd5+ Kh8 16. Rae1 f4 17. gxf4 h6 18. Qd1 exf4 19. Qh5 Qf5 20. h4 Ne5 21.
Re4 f3 22. Kh2 Rae8 23. Rf4 Qg6 24. Rxf8+ Rxf8 25. Qxg6 Nxg6 26. h5 hxg5 27.
hxg6 Rf4 28. Kg3 Be5 29. Bxf3 Rxc4+ 30. Kg2 $11 Rd4 31. Rh1+ Kg8 32. Bxb7 Rxd3
33. b3 Rd4 34. Rh7 Bg7 35. Rh5 Rg4+ 36. Kf3 Rf4+ 37. Ke2 Rf5 38. Rh3 Bd4 39.
Rf3 Re5+ 40. Kd3 Kg7 41. Rf7+ Kxg6 42. Rd7 Bxf2 43. Rxd6+ Kh5 44. Kc4 Kh4 45.
Ra6 Re7 46. Bd5 g4 47. Rh6+ Kg5 48. Re6 Rg7 49. a4 Kf4 50. Rf6+ Kg3 51. Rf7
Rxf7 52. Bxf7 Kh2 53. b4 cxb4 0-1

[Event "95th YMCA Masters "]
[Site "Warszawa"]
[Date "2011.09.30"]
[Round "1"]
[White "Janczarski, Michal"]
[Black "Pinski, Jan"]
[Result "1-0"]
[WhiteElo "2301"]
[BlackElo "2377"]
[PlyCount "67"]
[EventDate "2011.09.30"]
[EventType "tourn"]
[EventRounds "1"]
[EventCountry "POL"]
[EventCategory "3"]
[SourceDate "2011.09.29"]

1. Nf3 Nc6 2. d4 d5 3. Bg5 f6 4. Bh4 Nh6 5. e3 Nf5 6. Bg3 Nxg3 7. hxg3 e5 8.
dxe5 fxe5 9. Nh4 Be6 10. Ng6 Rg8 11. Nxf8 Rxf8 12. Bb5 Qf6 13. Bxc6+ bxc6 14.
O-O Rd8 15. Nd2 Qg5 16. c4 d4 17. Nf3 Qh5 18. exd4 Bg4 19. Re1 Rxf3 20. gxf3
Bxf3 21. Rxe5+ Qxe5 22. Qxf3 Rxd4 23. Qxc6+ Kf7 24. Kf1 Qd6 25. Qf3+ Kg6 26. b3
h5 27. Re1 h4 28. Re4 Rd1+ 29. Kg2 hxg3 30. Qg4+ Kf7 31. Qf5+ Qf6 32. Qh5+ g6
33. Qh7+ Kf8 34. Qh6+ 1-0

[Event "95th YMCA Masters "]
[Site "Warszawa"]
[Date "2011.09.28"]
[Round "1"]
[White "Kukawski, Maciej"]
[Black "Bobula, Mateusz"]
[Result "1/2-1/2"]
[WhiteElo "2338"]
[BlackElo "2379"]
[Annotator "M"]
[PlyCount "109"]
[EventDate "2011.09.30"]
[EventType "tourn"]
[EventRounds "1"]
[EventCountry "POL"]
[EventCategory "3"]
[SourceDate "2011.09.29"]

1. e4 e6 2. d4 d5 3. Nc3 Nf6 4. Bg5 dxe4 5. Nxe4 Nbd7 6. Nxf6+ Nxf6 7. Nf3 c5
8. c3 cxd4 9. Bxf6 gxf6 10. Nxd4 Bc5 11. Qh5 Bxd4 12. O-O-O Bd7 13. Rxd4 Qe7
14. Be2 O-O-O 15. Bf3 Kb8 16. Rhd1 f5 17. Qh6 f6 $11 18. Qd2 Kc7 19. Bxb7 Ba4
20. Rxd8 Rxd8 21. Qxd8+ Qxd8 22. Rxd8 Kxd8 23. f4 Kc7 24. Bf3 Bc6 25. Kd2 e5
26. Ke3 Kd6 27. c4 a5 28. b3 Kc5 29. Bxc6 Kxc6 30. fxe5 fxe5 31. a3 Kc5 32. Kd3
h5 33. Kc3 Kc6 34. b4 axb4+ 35. axb4 Kd6 36. Kd3 Ke6 37. b5 Kd6 38. b6 Kc6 39.
c5 Kb7 40. Kc4 Kc6 41. h4 e4 42. Kd4 Kb7 43. g3 Kc6 44. Kc4 Kb7 $11 45. Kb5 e3
46. c6+ Kb8 47. Ka6 e2 48. c7+ Kc8 49. Ka7 e1=Q 50. b7+ Kxc7 51. b8=Q+ Kd7 52.
Qb5+ Ke7 53. Qc5+ Ke6 54. Qc8+ Ke7 55. Qc5+ $11 1/2-1/2

[Event "95th YMCA Masters "]
[Site "Warszawa"]
[Date "2011.10.07"]
[Round "2"]
[White "Przezdziecka, Marta"]
[Black "Bobula, Mateusz"]
[Result "1/2-1/2"]
[WhiteElo "2249"]
[BlackElo "2379"]
[Annotator "M"]
[PlyCount "91"]
[EventDate "2011.09.30"]
[EventType "tourn"]
[EventRounds "1"]
[EventCountry "POL"]
[EventCategory "3"]
[SourceDate "2011.09.29"]

1. d4 d5 2. Nf3 e6 3. c4 Nf6 4. g3 c6 5. Bg2 Nbd7 6. O-O dxc4 7. Qc2 b5 8. Rd1
Bb7 9. Ne5 Qc7 10. Bf4 Bd6 11. Nxd7 Nxd7 12. Bxd6 Qxd6 13. Nc3 Rb8 14. b3 cxb3
15. axb3 a6 16. Ne4 Qe7 17. Nc5 Nxc5 18. dxc5 O-O 19. Rd6 Rfc8 20. b4 Rc7 21.
Rad1 g6 22. h4 h5 23. Qc3 Re8 24. Be4 Rec8 25. Qe5 Re8 26. Bf3 Rec8 27. R1d2
Re8 28. e3 Rec8 29. Qa1 Re8 30. Kg2 e5 31. Be4 Kg7 32. Qd1 Bc8 33. Kg1 Bg4 34.
Qa1 Rec8 35. f3 Bd7 36. Qxa6 f5 37. Bc2 Be8 38. Bb3 Bf7 39. Bxf7 Qxf7 40. Qa1
Re8 41. Qc3 Qc4 42. Qxc4 bxc4 43. Rc2 Ra8 44. Rxc4 Ra3 45. Kf2 Ra2+ 46. Kf1 $11
1/2-1/2

[Event "95th YMCA Masters "]
[Site "Warszawa"]
[Date "2011.10.08"]
[Round "2"]
[White "Pinski, Jan"]
[Black "Kukawski, Maciej"]
[Result "1/2-1/2"]
[WhiteElo "2377"]
[BlackElo "2338"]
[Annotator "M"]
[PlyCount "94"]
[EventDate "2011.09.30"]
[EventType "tourn"]
[EventRounds "1"]
[EventCountry "POL"]
[EventCategory "3"]
[SourceDate "2011.09.29"]

1. e4 c5 2. c3 Nf6 3. e5 Nd5 4. d4 cxd4 5. cxd4 d6 6. Nf3 Nc6 7. Bc4 Nb6 8.
Bxf7+ Kxf7 9. e6+ Kxe6 10. Ng5+ Kd7 11. Nf7 Qe8 12. Nxh8 e6 13. Qg4 Kc7 14. Qh4
e5 15. Qxh7 Nxd4 16. Na3 Bf5 17. Qg8 Be6 18. Qh7 Be7 19. Qxg7 Nd5 20. Be3 Qxh8
21. Qxh8 Rxh8 22. Bxd4 exd4 23. Nb5+ Kd7 24. Nxd4 Bf7 25. O-O Bf6 26. Rad1 Rh4
27. Nf5 Ra4 28. a3 Bxb2 29. Rb1 Bxa3 30. Rxb7+ Nc7 31. Re1 d5 32. h4 Bg6 33.
Ng7 Rxh4 34. Ne6 Bd6 35. g3 Rc4 36. Rxa7 d4 37. Rxc7+ Rxc7 38. Nxc7 Bxc7 39.
Rd1 d3 40. Kg2 Ke6 41. Kf3 Kd5 42. Rc1 Bb6 43. Rb1 Be4+ 44. Kf4 Bxf2 45. Rb8
Kd4 46. Rb4+ Kc3 47. Kxe4 Kxb4 $11 1/2-1/2

[Event "95th YMCA Masters "]
[Site "Warszawa"]
[Date "2011.10.07"]
[Round "2"]
[White "Przedmojski, Rafal"]
[Black "Janczarski, Michal"]
[Result "0-1"]
[WhiteElo "2374"]
[BlackElo "2301"]
[PlyCount "76"]
[EventDate "2011.09.30"]
[EventType "tourn"]
[EventRounds "1"]
[EventCountry "POL"]
[EventCategory "3"]
[SourceDate "2011.09.29"]

1. d4 Nf6 2. c4 e6 3. g3 c5 4. Nf3 cxd4 5. Nxd4 Bb4+ 6. Nd2 Nc6 7. Nxc6 bxc6 8.
Bg2 O-O 9. O-O d5 10. Qc2 Ba6 11. b3 e5 12. Rd1 Qb6 13. Nf3 Bc5 14. e3 e4 15.
Nd4 Rab8 16. Bf1 Ng4 17. Bb2 Ne5 18. Rac1 Bxd4 19. Bxd4 Nf3+ 20. Kg2 c5 21.
Bxg7 Kxg7 22. cxd5 Bxf1+ 23. Rxf1 Rfe8 24. Qxc5 Qf6 25. Qxa7 Ra8 26. Qd7 Ne5
27. Qb5 Reb8 28. Qe2 Qf3+ 29. Qxf3 exf3+ 30. Kh3 Rxa2 31. Rc3 Rb4 32. Rd1 Ng4
33. Rd4 Nxf2+ 34. Kh4 Ne4 35. Rcc4 f2 36. Rd1 Rxc4 37. bxc4 Nd2 38. d6 f1=Q 0-1

[Event "95th YMCA Masters "]
[Site "Warszawa"]
[Date "2011.10.07"]
[Round "2"]
[White "Nguyen, Piotr"]
[Black "Chalupnik, Marcin"]
[Result "1-0"]
[WhiteElo "2368"]
[BlackElo "2236"]
[PlyCount "63"]
[EventDate "2011.09.30"]
[EventType "tourn"]
[EventRounds "1"]
[EventCountry "POL"]
[EventCategory "3"]
[SourceDate "2011.09.29"]

1. d4 Nf6 2. c4 g6 3. Nc3 Bg7 4. e4 d6 5. Bd3 O-O 6. Nge2 e5 7. d5 Nbd7 8. Bg5
h6 9. Bh4 Nc5 10. f3 Bd7 11. Bc2 a5 12. g4 Qe8 13. Bf2 Nh7 14. Ng3 Qe7 15. h4
Bf6 16. Qd2 Kg7 17. Be3 Bxh4 18. Bxh6+ Kg8 19. Qh2 g5 20. Bxf8 Nxf8 21. O-O-O
Qf6 22. Nf5 Ng6 23. Qd2 Bxf5 24. exf5 Nf4 25. Rdg1 Kf8 26. Kb1 Ke7 27. a3 Kd8
28. b4 axb4 29. axb4 Nd7 30. Kb2 Nb6 31. Bb3 Bf2 32. Ne4 1-0

[Event "95th YMCA Masters "]
[Site "Warszawa"]
[Date "2011.10.07"]
[Round "2"]
[White "Alvarado, Carlos"]
[Black "Adamski, Andrzej"]
[Result "0-1"]
[WhiteElo "2212"]
[BlackElo "2255"]
[PlyCount "84"]
[EventDate "2011.09.30"]
[EventType "tourn"]
[EventRounds "1"]
[EventCountry "POL"]
[EventCategory "3"]
[SourceDate "2011.09.29"]

1. d4 d5 2. c4 e6 3. Nc3 Nf6 4. Nf3 Be7 5. Bf4 O-O 6. e3 c5 7. dxc5 Nc6 8. cxd5
exd5 9. Bd6 Bxd6 10. cxd6 Qxd6 11. Qb3 Be6 12. Rd1 a6 13. Nd4 b5 14. a3 Rfc8
15. Be2 Na5 16. Qa2 Nc4 17. Nb1 Qe5 18. b3 Nd6 19. O-O Nde4 20. Bf3 h5 21. Rc1
Ng4 22. Bxg4 hxg4 23. Qb2 Qf6 24. Nc3 Ng5 25. Kh1 Rab8 26. Qd2 Qe7 27. b4 Rc4
28. Nb3 Rd8 29. Rfd1 Qf6 30. Nd4 Rxc3 31. Qxc3 Ne4 32. Qc6 Nxf2+ 33. Kg1 Nxd1
34. Rxd1 Qe5 35. Re1 Rc8 36. Qxa6 Rc1 37. Kf2 Rxe1 38. Kxe1 Qxe3+ 39. Ne2 d4
40. Kd1 d3 41. Qa8+ Kh7 42. Nc1 Bb3+ 0-1

[Event "95th YMCA Masters "]
[Site "Warszawa"]
[Date "2011.10.07"]
[Round "2"]
[White "Kosiorek, Marek"]
[Black "Strzemiecki, Zbigniew"]
[Result "1/2-1/2"]
[WhiteElo "2355"]
[BlackElo "2421"]
[Annotator "M"]
[PlyCount "37"]
[EventDate "2011.09.30"]
[EventType "tourn"]
[EventRounds "1"]
[EventCountry "POL"]
[EventCategory "3"]
[SourceDate "2011.09.29"]

1. d4 Nf6 2. Nf3 e6 3. g3 b5 4. Qd3 a6 5. Bg5 Bb7 6. Nbd2 c5 7. c3 Nc6 8. Bxf6
gxf6 9. dxc5 Bxc5 10. Ne4 Be7 11. Nd6+ Bxd6 12. Qxd6 Qe7 13. Qf4 Ne5 14. Bg2
Bxf3 15. Bxf3 d5 16. O-O O-O 17. e4 Rad8 18. exd5 Nxf3+ 19. Qxf3 $11 1/2-1/2

[Event "95th YMCA Masters "]
[Site "Warszawa"]
[Date "2011.10.27"]
[Round "3"]
[White "Strzemiecki, Zbigniew"]
[Black "Przezdziecka, Marta"]
[Result "0-1"]
[WhiteElo "2421"]
[BlackElo "2249"]
[Annotator "M"]
[PlyCount "62"]
[EventDate "2011.09.30"]
[EventType "tourn"]
[EventRounds "1"]
[EventCountry "POL"]
[EventCategory "3"]
[SourceDate "2011.09.29"]

1. e4 c5 2. Nf3 Nc6 3. Bb5 d6 4. d4 cxd4 5. Qxd4 Bd7 6. Bxc6 Bxc6 7. c4 Nf6 8.
Nc3 g6 9. O-O Bg7 10. Qd3 O-O 11. Nd4 Rc8 12. f3 Nd7 13. Be3 a6 14. Qe2 Qa5 15.
Rab1 Qh5 16. Rfc1 Bxd4 17. Bxd4 Nc5 18. Nd5 Bxd5 19. exd5 Rfe8 20. b4 Nd7 21.
Qe4 b6 22. Bb2 Qf5 23. Qd4 f6 24. f4 b5 25. cxb5 axb5 26. h3 h5 27. Ra1 g5 28.
fxg5 Qxg5 29. Qa7 Ne5 30. Rxc8 $11 Rxc8 31. Bxe5 Rc2 0-1

[Event "95th YMCA Masters "]
[Site "Warszawa"]
[Date "2011.10.25"]
[Round "3"]
[White "Adamski, Andrzej"]
[Black "Kosiorek, Marek"]
[Result "1/2-1/2"]
[WhiteElo "2255"]
[BlackElo "2355"]
[PlyCount "54"]
[EventDate "2011.09.30"]
[EventType "tourn"]
[EventRounds "1"]
[EventCountry "POL"]
[EventCategory "3"]
[SourceDate "2011.09.29"]

1. e4 d6 2. d4 Nf6 3. Nc3 c6 4. a4 Nbd7 5. f4 e5 6. dxe5 dxe5 7. fxe5 Nxe5 8.
Qxd8+ Kxd8 9. Nf3 Bd6 10. Bg5 Kc7 11. Be2 Nxf3+ 12. gxf3 Nh5 13. O-O-O Bh3 14.
Bf1 Bf4+ 15. Bxf4+ Nxf4 16. Ne2 Bxf1 17. Nxf4 Ba6 18. Rhg1 g6 19. b3 Rad8 20.
c4 b6 21. Kc2 Bc8 22. b4 Rxd1 23. Kxd1 f5 24. Kd2 fxe4 25. fxe4 Re8 26. Kd3
Rd8+ 27. Ke3 Re8 1/2-1/2

[Event "95th YMCA Masters "]
[Site "Warszawa"]
[Date "2011.10.14"]
[Round "3"]
[White "Chalupnik, Marcin"]
[Black "Alvarado, Carlos"]
[Result "1/2-1/2"]
[WhiteElo "2236"]
[BlackElo "2212"]
[Annotator "M"]
[PlyCount "66"]
[EventDate "2011.09.30"]
[EventType "tourn"]
[EventRounds "1"]
[EventCountry "POL"]
[EventCategory "3"]
[SourceDate "2011.09.29"]

1. c4 e6 2. g3 d5 3. Bg2 Nf6 4. Nf3 Be7 5. O-O O-O 6. b3 b6 7. Bb2 Bb7 8. e3
dxc4 9. bxc4 c5 10. Nc3 Nc6 11. Qe2 Rc8 12. Rfd1 Qc7 13. Rac1 Qb8 14. d4 cxd4
15. exd4 Rfe8 16. d5 exd5 17. cxd5 Nb4 18. Nh4 Bf8 19. Qd2 Rcd8 20. Nf5 h6 21.
d6 Ba6 22. Qd4 Nd3 23. Rxd3 Bxd3 24. Qxd3 Bxd6 25. Nxd6 Rxd6 26. Qf5 Rd2 27.
Ba1 Qd8 28. h3 a6 29. Kh2 b5 30. Ne4 Nxe4 31. Bxe4 g6 32. Qf4 Rxa2 33. Rf1 Qd2
$11 1/2-1/2

[Event "95th YMCA Masters "]
[Site "Warszawa"]
[Date "2011.10.31"]
[Round "3"]
[White "Janczarski, Michal"]
[Black "Nguyen, Piotr"]
[Result "1-0"]
[WhiteElo "2301"]
[BlackElo "2368"]
[PlyCount "123"]
[EventDate "2011.09.30"]
[EventType "tourn"]
[EventRounds "1"]
[EventCountry "POL"]
[EventCategory "3"]
[SourceDate "2011.09.29"]

1. c4 Nf6 2. Nc3 g6 3. e4 Bg7 4. d4 O-O 5. f4 c5 6. e5 Ne8 7. dxc5 Qa5 8. Be3
d6 9. cxd6 exd6 10. Qd5 Qb4 11. O-O-O Be6 12. Qb5 Qxb5 13. Nxb5 dxe5 14. Bc5
Nc6 15. Bxf8 Kxf8 16. Nf3 Bh6 17. Ng5 Bg4 18. Re1 f6 19. Ne4 Bxf4+ 20. Kb1 Bf5
21. Bd3 Rd8 22. Bc2 Nb4 23. g3 Bd2 24. Re2 Nxc2 25. Kxc2 a6 26. Nbc3 Bxc3 27.
Kxc3 Ke7 28. Nf2 Nd6 29. b3 Rc8 30. Kb4 Be6 31. Ne4 Nf7 32. a4 f5 33. Nc3 e4
34. Rd1 Ne5 35. Nd5+ Kf7 36. Ka5 Nd7 37. Nf4 Rc5+ 38. Kb4 a5+ 39. Kc3 g5 40.
Nxe6 Kxe6 41. g4 Nf6 42. b4 axb4+ 43. Kxb4 Rc6 44. gxf5+ Kxf5 45. Kb5 g4 46. c5
Ke5 47. a5 h5 48. Rd6 Rxd6 49. cxd6 Nd7 50. a6 bxa6+ 51. Kc6 Nf8 52. Rf2 Ne6
53. d7 Nd8+ 54. Kc7 Ne6+ 55. Kc8 e3 56. Ra2 h4 57. Rxa6 g3 58. hxg3 h3 59.
Rxe6+ Kxe6 60. d8=Q h2 61. Qe8+ Kd6 62. Qg6+ 1-0

[Event "95th YMCA Masters "]
[Site "Warszawa"]
[Date "2011.10.14"]
[Round "3"]
[White "Kukawski, Maciej"]
[Black "Przedmojski, Rafal"]
[Result "1/2-1/2"]
[WhiteElo "2338"]
[BlackElo "2374"]
[PlyCount "107"]
[EventDate "2011.09.30"]
[EventType "tourn"]
[EventRounds "1"]
[EventCountry "POL"]
[EventCategory "3"]
[SourceDate "2011.09.29"]

1. e4 c6 2. d4 d5 3. e5 Bf5 4. Nc3 h5 5. Bd3 Bxd3 6. Qxd3 e6 7. Nf3 Ne7 8. Bg5
Qa5 9. O-O Qa6 10. Qd2 Nd7 11. Ne2 c5 12. Rfe1 Nc6 13. Nf4 Nxd4 14. Qd1 g6 15.
Nxd4 cxd4 16. Nxd5 exd5 17. e6 fxe6 18. Qxd4 Rh7 19. Qxd5 Re7 20. Qe4 e5 21. f4
Qc6 22. Qe2 O-O-O 23. Bxe7 Bxe7 24. fxe5 Re8 25. e6 Nf8 26. Qd3 Bc5+ 27. Kh1
Rxe6 28. Rxe6 Qxe6 29. Qc3 Qe3 30. Qg7 Qd4 31. Qf7 Qd7 32. Qc4 Qd4 33. Qf7 Qxb2
34. Re1 Nd7 35. Qxg6 Qxa2 36. Rd1 Qa4 37. Qxh5 Kc7 38. Qf5 b6 39. h3 a5 40. g3
Qc6+ 41. Kh2 Bd6 42. h4 Qc4 43. Kh3 a4 44. h5 a3 45. h6 Qc3 46. Rd3 Qf6 47. Qd5
Qxh6+ 48. Kg2 Qg6 49. Kh3 Ne5 50. Rc3+ Kd7 51. Rxa3 Qh7+ 52. Kg2 Qxc2+ 53. Kh3
Qh7+ 54. Kg2 1/2-1/2

[Event "95th YMCA Masters "]
[Site "Warszawa"]
[Date "2011.10.14"]
[Round "3"]
[White "Bobula, Mateusz"]
[Black "Pinski, Jan"]
[Result "1/2-1/2"]
[WhiteElo "2379"]
[BlackElo "2377"]
[Annotator "M"]
[PlyCount "24"]
[EventDate "2011.09.30"]
[EventType "tourn"]
[EventRounds "1"]
[EventCountry "POL"]
[EventCategory "3"]
[SourceDate "2011.09.29"]

1. d4 Nf6 2. c4 c5 3. Nf3 cxd4 4. Nxd4 e5 5. Nb5 d5 6. cxd5 Bc5 7. N5c3 O-O 8.
g3 Ng4 9. e3 f5 10. h3 Nf6 11. Bg2 e4 12. b3 Nbd7 $11 1/2-1/2

[Event "95th YMCA Masters "]
[Site "Warszawa"]
[Date "2011.10.21"]
[Round "4"]
[White "Przezdziecka, Marta"]
[Black "Pinski, Jan"]
[Result "1-0"]
[WhiteElo "2249"]
[BlackElo "2377"]
[PlyCount "131"]
[EventDate "2011.09.30"]
[EventType "tourn"]
[EventRounds "1"]
[EventCountry "POL"]
[EventCategory "3"]
[SourceDate "2011.09.29"]

1. d4 e6 2. Nf3 f5 3. g3 Nf6 4. Bg2 Be7 5. O-O O-O 6. c4 d6 7. b3 Ne4 8. Bb2
Bf6 9. Nfd2 d5 10. cxd5 exd5 11. Na3 Nc6 12. Nc2 Be6 13. Nf3 Qd6 14. Ba3 Qd7
15. Bxf8 Rxf8 16. e3 g5 17. Nfe1 f4 18. Nd3 fxe3 19. fxe3 Bg4 20. Qe1 h5 21.
Nf2 Bf5 22. Nxe4 Bxe4 23. Bxe4 dxe4 24. Qe2 Qh3 25. Rad1 Ne7 26. d5 Nf5 27. Qg2
Qxg2+ 28. Kxg2 Be5 29. Rf2 Kg7 30. Kf1 Kg6 31. Ke2 g4 32. Rdf1 Rf6 33. Kd2 Kg5
34. Ne1 c6 35. dxc6 bxc6 36. Ng2 Rd6+ 37. Kc2 Ne7 38. Rf7 Bf6 39. Nf4 Nf5 40.
Ng2 a5 41. Rd1 Re6 42. Ra7 Re5 43. Rdd7 Rc5+ 44. Kd2 Bc3+ 45. Kd1 Bb2 46. Ra8
Kf6 47. Nf4 Nxe3+ 48. Ke2 Nd5 49. Rf8+ Ke5 50. Re8+ Kf5 51. Rf7+ Bf6 52. Ref8
Rc2+ 53. Ke1 Rc1+ 54. Kd2 Rc5 55. a4 e3+ 56. Kd1 h4 57. Nxd5 Rxd5+ 58. Ke2 Rd6
59. gxh4 Ke5 60. Rxf6 Rxf6 61. Rxf6 Kxf6 62. Kxe3 Kg6 63. Kf4 Kh5 64. Kg3 c5
65. h3 gxh3 66. Kxh3 1-0

[Event "95th YMCA Masters "]
[Site "Warszawa"]
[Date "2011.10.21"]
[Round "4"]
[White "Przedmojski, Rafal"]
[Black "Bobula, Mateusz"]
[Result "1-0"]
[WhiteElo "2374"]
[BlackElo "2379"]
[PlyCount "79"]
[EventDate "2011.09.30"]
[EventType "tourn"]
[EventRounds "1"]
[EventCountry "POL"]
[EventCategory "3"]
[SourceDate "2011.09.29"]

1. d4 d5 2. c4 e6 3. Nf3 Nf6 4. g3 c6 5. Nbd2 Nbd7 6. Bg2 Be7 7. O-O O-O 8. Qc2
b6 9. e4 Ba6 10. e5 Ne8 11. Re1 Rc8 12. cxd5 cxd5 13. Qa4 Nc7 14. Nf1 Bb5 15.
Qd1 a5 16. h4 Na6 17. a4 Bxf1 18. Bxf1 Nb4 19. Re2 Nb8 20. Bf4 Qd7 21. Rd2 Rc7
22. Bb5 Qc8 23. Kg2 Rd8 24. h5 h6 25. g4 N8c6 26. g5 hxg5 27. Nxg5 Na7 28. Bd3
Nxd3 29. Rxd3 Rc2 30. Rc1 Rxc1 31. Bxc1 f6 32. Nh3 fxe5 33. Rg3 Bf6 34. h6 Nc6
35. Bg5 Bxg5 36. Nxg5 Nxd4 37. h7+ Kh8 38. Nf7+ Kxh7 39. Qh5+ Kg8 40. Nh6+ 1-0

[Event "95th YMCA Masters "]
[Site "Warszawa"]
[Date "2011.10.21"]
[Round "4"]
[White "Nguyen, Piotr"]
[Black "Kukawski, Maciej"]
[Result "1/2-1/2"]
[WhiteElo "2368"]
[BlackElo "2338"]
[PlyCount "63"]
[EventDate "2011.09.30"]
[EventType "tourn"]
[EventRounds "1"]
[EventCountry "POL"]
[EventCategory "3"]
[SourceDate "2011.09.29"]

1. d4 Nf6 2. Nf3 c5 3. d5 b5 4. c4 e6 5. Bg5 h6 6. Bh4 Qa5+ 7. Nfd2 bxc4 8.
Bxf6 gxf6 9. e4 Bg7 10. Nc3 f5 11. exf5 O-O 12. Qf3 exf5 13. Nxc4 Qb4 14. O-O-O
Ba6 15. a3 Qb3 16. Nd6 Bxf1 17. Rhxf1 Na6 18. Nxf5 Rab8 19. Rd2 Bxc3 20. Qxc3
Qxc3+ 21. bxc3 Rb3 22. Kc2 Rfb8 23. Re1 Rb2+ 24. Kd3 c4+ 25. Ke2 Nc5 26. Nd6
Na4 27. Rc1 Rb1 28. Rdc2 R8b2 29. Ke3 Nb6 30. a4 Rxc1 31. Rxc1 Ra2 32. Rd1
1/2-1/2

[Event "95th YMCA Masters "]
[Site "Warszawa"]
[Date "2011.10.21"]
[Round "4"]
[White "Kosiorek, Marek"]
[Black "Chalupnik, Marcin"]
[Result "1-0"]
[WhiteElo "2355"]
[BlackElo "2236"]
[PlyCount "133"]
[EventDate "2011.09.30"]
[EventType "tourn"]
[EventRounds "1"]
[EventCountry "POL"]
[EventCategory "3"]
[SourceDate "2011.09.29"]

1. d4 Nf6 2. c4 c5 3. Nf3 cxd4 4. Nxd4 b6 5. f3 Bb7 6. e4 d6 7. Nc3 e6 8. Be3
a6 9. Qd2 Be7 10. Be2 Nbd7 11. O-O O-O 12. Rfd1 Qc7 13. Rac1 Rac8 14. Bf1 Qb8
15. Qf2 Bd8 16. b3 Bc7 17. Qh4 Rfe8 18. Bf2 Kh8 19. Re1 Rg8 20. Be3 Ne5 21. Kh1
Rce8 22. Rcd1 Bd8 23. Bg5 h6 24. f4 Ng6 25. Qh3 Rgf8 26. f5 Ne5 27. Bf4 Neg4
28. Bg3 Kg8 29. Re2 h5 30. fxe6 fxe6 31. Nf3 Bc7 32. Qh4 Qa8 33. h3 Ne5 34.
Nxe5 dxe5 35. Qg5 Nxe4 36. Nxe4 Bxe4 37. Bxe5 Bxe5 38. Qxe5 Bc6 39. Kh2 Rf5 40.
Qd6 Ref8 41. Rxe6 Bb7 42. Ree1 Rf2 43. Qg6 Qb8+ 44. Kg1 Qf4 45. Qe6+ Kh8 46.
Qg6 h4 47. a4 Rb2 48. Qh5+ Kg8 49. Re2 Rxb3 50. Qg4 Qxg4 51. hxg4 Bc6 52. a5
bxa5 53. Rd6 Rb1 54. Rf2 Rc8 55. Kh2 a4 56. Bd3 Rb3 57. Bf5 Rc7 58. Rd8+ Kf7
59. Bc2+ Ke7 60. Rg8 Kd6 61. Bxb3 axb3 62. Rb8 Bd7 63. Rxb3 Rxc4 64. Rb6+ Ke7
65. g5 Ra4 66. Rg6 a5 67. Rxg7+ 1-0